Architectural graphics / (Record no. 352145)

000 -LEADER
fixed length control field 01198 a2200289 4500
003 - CONTROL NUMBER IDENTIFIER
control field OSt
005 - DATE AND TIME OF LATEST TRANSACTION
control field 20180116192324.0
008 - FIXED-LENGTH DATA ELEMENTS--GENERAL INFORMATION
fixed length control field 120207t xxu||||| |||| 00| 0 eng d
010 ## - LIBRARY OF CONGRESS CONTROL NUMBER
LC control number 2009004203
020 ## - INTERNATIONAL STANDARD BOOK NUMBER
International Standard Book Number 9780470399118 (pbk.)
020 ## - INTERNATIONAL STANDARD BOOK NUMBER
International Standard Book Number 0470399112 (pbk.)
035 ## - SYSTEM CONTROL NUMBER
System control number (OCoLC)ocn302414604
040 ## - CATALOGING SOURCE
Transcribing agency 0
082 00 - DEWEY DECIMAL CLASSIFICATION NUMBER
Classification number 720.284
100 1# - MAIN ENTRY--PERSONAL NAME
Personal name Ching, Frank,
9 (RLIN) 4321
245 10 - TITLE STATEMENT
Title Architectural graphics /
Statement of responsibility, etc. Francis D.K. Ching.
250 ## - EDITION STATEMENT
Edition statement 5th ed.
260 ## - PUBLICATION, DISTRIBUTION, ETC.
Place of publication, distribution, etc. Hoboken, N.J. :
Name of publisher, distributor, etc. John Wiley & Sons,
Date of publication, distribution, etc. 2009.
300 ## - PHYSICAL DESCRIPTION
Extent vi, 250 p. :
Other physical details ill. ;
Dimensions 28 cm.
500 ## - GENERAL NOTE
General note Includes index.
505 0# - FORMATTED CONTENTS NOTE
Formatted contents note Preface -- Drawing tools and materials -- Architectural drafting -- Architectural drawing systems -- Multiview drawings -- Paraline drawings -- Perspective drawings -- Rendering tonal values -- Rendering context -- Architectural presentations -- Freehand drawing -- Index.
650 #0 - SUBJECT ADDED ENTRY--TOPICAL TERM
Topical term or geographic name entry element Architectural drawing.
9 (RLIN) 4322
942 ## - ADDED ENTRY ELEMENTS (KOHA)
Institution code [OBSOLETE] SADA
Koha item type Book
Call number prefix 720.284 CHI 2009
Source of classification or shelving scheme
Holdings
Withdrawn status Lost status Source of classification or shelving scheme Damaged status Not for loan Permanent Location Current Location Date acquired Total Checkouts Full call number Barcode Date last seen Date last checked out Copy number Cost, replacement price Price effective from Koha item type Total Renewals Checked out Source of acquisition
          School of Art Design and Architecture (SADA) School of Art Design and Architecture (SADA) 08/30/2010 5 720.284 CHI 2009 SADA0000074 10/30/2024 09/26/2024 02 0.00 08/05/2011 Book      
          School of Art Design and Architecture (SADA) School of Art Design and Architecture (SADA) 08/30/2010 3 720.284 CHI 2009 SADA0000075 06/12/2013 06/10/2013 03 0.00 08/05/2011 Book 2    
          School of Art Design and Architecture (SADA) School of Art Design and Architecture (SADA) 06/11/2010 10 720.284 CHI 2009 SADA0000003 05/21/2024 01/24/2024 01 3547.02 08/05/2011 Book 3    
          School of Art Design and Architecture (SADA) School of Art Design and Architecture (SADA) 06/06/2011 14 720.284 CHI 2009 SADA0001247 01/06/2025 11/11/2024 04 3128.00 08/05/2011 Book 6    
          School of Art Design and Architecture (SADA) School of Art Design and Architecture (SADA) 06/06/2011 10 720.284 CHI 2009 SADA0001248 12/23/2024 11/14/2024 05 3128.00 08/05/2011 Book 1    
          School of Art Design and Architecture (SADA) School of Art Design and Architecture (SADA) 06/06/2011 13 720.284 CHI 2009 SADA0001249 11/21/2024 10/10/2024 06 3128.00 08/05/2011 Book 3    
          School of Art Design and Architecture (SADA) School of Art Design and Architecture (SADA) 06/06/2011 8 720.284 CHI 2009 SADA0001250 04/16/2024 04/16/2024 07 3128.00 08/05/2011 Book 3 05/21/2024  
          School of Art Design and Architecture (SADA) School of Art Design and Architecture (SADA) 08/05/2010   720.284 CHI 2009 SADA0000048 03/21/2024   08 0.00 03/21/2024 Book     Photocopy
          School of Art Design and Architecture (SADA) School of Art Design and Architecture (SADA) 08/05/2010   720.284 CHI 2009 SADA0000049 03/21/2024   09 0.00 03/21/2024 Book     Photocopy
© 2023 Central Library, National University of Sciences and Technology. All Rights Reserved.